| 000 | 00855nam a22002417a 4500 | ||
|---|---|---|---|
| 008 | 161007b xxu||||| |||| 00| 0 eng d | ||
| 020 | _a9780323065801 | ||
| 050 | _aRT 41 .M488 2011 | ||
| 100 | _aLewis, Sharon L. | ||
| 245 |
_aMedical-Surgical Nursing: _bassessment and management of clinical problems/ _cSharon L. Lewis,Shannon Ruff Dirksen, Margaret Mclean Heitkemper, Linda Bucher and Ian M. Camera |
||
| 250 | _a8th ed. | ||
| 260 |
_aSt. Louis, Missouri: _bElsevier Mosby, _c2011 |
||
| 300 |
_axxxii, 1802p.: _bill.; |
||
| 440 |
_n2 _pvolume 2 |
||
| 500 | _aIncludes references and index. | ||
| 650 | _aNursing | ||
| 650 | _aSurgical nursing | ||
| 700 | _aDirksen, Shannon Ruff | ||
| 700 | _aHeitkemper, Margaret Mclean | ||
| 700 | _aBucher, Linda | ||
| 700 | _aCamera, Ian M, | ||
| 942 |
_2lcc _cBOOKS _hRT 41 .M488 2011 |
||
| 999 |
_c14745 _d14745 |
||